| 000 | 00823cab a2200253 4500 | ||
|---|---|---|---|
| 001 | ABS47361 | ||
| 008 | 090401t1992 xxu||||| |||| 00| 0 eng d | ||
| 035 | _a(Sirsi) u61744 | ||
| 041 | _aeng | ||
| 100 | _aSummers, K. | ||
| 245 | 2 | _aA simpler system for taxing the self-employed | |
| 260 | _c1992 | ||
| 350 | _a0 | ||
| 490 |
_aSolicitors` Journal _v136(41) 23 October 1992, 1063; 136(42) 30 October |
||
| 520 | _aDiscusses the Inland Revenue proposals for reforming and simplifying the way in which the self-employed, including partnerships, are taxed. | ||
| 650 | _aACCOUNTING YEAR BASIS | ||
| 650 | _aCURRENT YEAR BASIS | ||
| 650 | _aINSTALLMENTS | ||
| 650 | _aSELF EMPLOYED | ||
| 690 | _aMANAGEMENT-BUSINESS MANAGEMENT-PROFESSIONAL PRACTICE | ||
| 690 | _aTAXATION | ||
| 942 | _n0 | ||
| 948 | _c04/03/1997 | ||
| 999 |
_c38293 _d38293 |
||